000 00427nam a2200169Ia 4500
003 GCL
008 140319s9999 xx 000 0 eng d
040 _aGCL /
_cGCL
082 0 4 _a189
_bR H
100 1 _aRUSSELL, BERTRAND
245 1 0 _aHISTORY OF WESTERN PHILOSOPHY /
_cRUSSELL, BERTRAND
260 _a[S.N] :
_bROUTLEDGE ،
_c1991
300 _a842 P
650 0 4 _aCIVILIZATION
650 0 4 _aPHILOSOPHY
942 _2ddc
_cBK
999 _c10785
_d10785